|
|
|
|
| LEADER |
03091nam a22005175i 4500 |
| 001 |
978-1-4020-9235-0 |
| 003 |
DE-He213 |
| 005 |
20151125141843.0 |
| 007 |
cr nn 008mamaa |
| 008 |
100301s2009 ne | s |||| 0|eng d |
| 020 |
|
|
|a 9781402092350
|9 978-1-4020-9235-0
|
| 024 |
7 |
|
|a 10.1007/978-1-4020-9235-0
|2 doi
|
| 040 |
|
|
|d GrThAP
|
| 050 |
|
4 |
|a QL360-599.82
|
| 072 |
|
7 |
|a PSVT
|2 bicssc
|
| 072 |
|
7 |
|a SCI070020
|2 bisacsh
|
| 082 |
0 |
4 |
|a 592
|2 23
|
| 100 |
1 |
|
|a Lundgren, Jonathan G.
|e author.
|
| 245 |
1 |
0 |
|a Relationships of Natural Enemies and Non-Prey Foods
|h [electronic resource] /
|c by Jonathan G. Lundgren.
|
| 264 |
|
1 |
|a Dordrecht :
|b Springer Netherlands,
|c 2009.
|
| 300 |
|
|
|a XXXVI, 454 p.
|b online resource.
|
| 336 |
|
|
|a text
|b txt
|2 rdacontent
|
| 337 |
|
|
|a computer
|b c
|2 rdamedia
|
| 338 |
|
|
|a online resource
|b cr
|2 rdacarrier
|
| 347 |
|
|
|a text file
|b PDF
|2 rda
|
| 490 |
1 |
|
|a Progress in Biological Control ;
|v 7
|
| 505 |
0 |
|
|a Glucophagy -- The Functions of Non-Prey Foods in the Diets of Entomophagous Species -- The Sugar Feeders -- Floral Nectar -- Extrafloral Nectar -- Honeydew -- Pollinivory -- The Pollen Feeders -- Adaptations to Pollen feeding -- Pollen Nutrition and Defense -- Granivory -- The Seed Feeders -- Adaptations to Granivory -- Seed Nutrition and Defense -- Seed-Associated Food Bodies -- Seed Preferences of Natural Enemies -- Fungi and Microorganisms -- Mycophagy -- Symbioses with Microorganisms -- Applied Aspects of Non-Prey Foods for Natural Enemies -- Non-Prey Foods and Biological Control of Arthropods -- Plant-Incorporated Pest Resistance and Natural Enemies -- Biological Control of Weed Seeds in Agriculture Using Omnivorous Insects -- Conclusions and the Relative Quality of Non-Prey Foods for Natural Enemies.
|
| 520 |
|
|
|a There are very few natural enemies so maladapted as to rely on prey as their sole nutritional resource. The importance of non-prey sources of nutrition have received disproportionately less attention than prey when one considers how important non-prey foods are to the evolution and ecology of natural enemies. This book examines the intricate and diverse interactions between non-prey foods and natural enemies from both parties’ perspectives, beginning at an organismal level and taking the reader on a journey that illustrates how these interactions are inextricably tied to the outcome of biological control programs targeting insects and weed seeds.
|
| 650 |
|
0 |
|a Life sciences.
|
| 650 |
|
0 |
|a Plant science.
|
| 650 |
|
0 |
|a Botany.
|
| 650 |
|
0 |
|a Plant pathology.
|
| 650 |
|
0 |
|a Zoology.
|
| 650 |
|
0 |
|a Invertebrates.
|
| 650 |
1 |
4 |
|a Life Sciences.
|
| 650 |
2 |
4 |
|a Invertebrates.
|
| 650 |
2 |
4 |
|a Plant Pathology.
|
| 650 |
2 |
4 |
|a Zoology.
|
| 650 |
2 |
4 |
|a Plant Sciences.
|
| 710 |
2 |
|
|a SpringerLink (Online service)
|
| 773 |
0 |
|
|t Springer eBooks
|
| 776 |
0 |
8 |
|i Printed edition:
|z 9781402092343
|
| 830 |
|
0 |
|a Progress in Biological Control ;
|v 7
|
| 856 |
4 |
0 |
|u http://dx.doi.org/10.1007/978-1-4020-9235-0
|z Full Text via HEAL-Link
|
| 912 |
|
|
|a ZDB-2-SBL
|
| 950 |
|
|
|a Biomedical and Life Sciences (Springer-11642)
|